Analýza konvergencie výdavkov krajín EÚ do výskumu a vývoja
Náklady na výskum a vývoj (R&D) sú hnacou silou inovácií a produktivity. Cieľom tohto príspevku je mapovať aspekty konvergencie krajín EÚ v oblasti investícií do výskumu a vývoja. Výsledky deskriptívnej analýzy súčasnej dynamiky investícií EÚ do výskumu a vývoja naznačujú rastúci rozdiel v podnikate...
Na minha lista:
| Autor principal: | |
|---|---|
| Outros Autores: | |
| Formato: | Capítulo de Livro |
| Idioma: | eslovaco |
| Assuntos: | |
| Tags: |
Sem tags, seja o primeiro a adicionar uma tag!
|
MARC
| LEADER | 00000naa$a2200000$$$4500 | ||
|---|---|---|---|
| 001 | 0290146 | ||
| 005 | 20240502074443.9 | ||
| 041 | 0 | |a slo | |
| 044 | |a SK | ||
| 245 | 1 | 0 | |a Analýza konvergencie výdavkov krajín EÚ do výskumu a vývoja |c Lenka Štofová, Petra Szaryszová |
| 520 | |a Náklady na výskum a vývoj (R&D) sú hnacou silou inovácií a produktivity. Cieľom tohto príspevku je mapovať aspekty konvergencie krajín EÚ v oblasti investícií do výskumu a vývoja. Výsledky deskriptívnej analýzy súčasnej dynamiky investícií EÚ do výskumu a vývoja naznačujú rastúci rozdiel v podnikateľskej intenzite výskumu a vývoja medzi EÚ a jej hlavnými konkurentmi. Vplyv investícií do výskumu a vývoja na výkonnosť EÚ krajín ukazuje tiež metodika beta a sigma konvergencie, ktorá bola realizovaná autormi. | ||
| 610 | 2 | 0 | |a výskum |
| 610 | 2 | 0 | |a vývoj |
| 610 | 2 | 0 | |a technológie informačné |
| 610 | 2 | 0 | |a technológie komunikačné |
| 610 | 2 | 0 | |a investície |
| 610 | 2 | 0 | |a konvergencia |
| 610 | 2 | 0 | |a inovácia |
| 100 | 1 | |a Štofová, Lenka, 1989- | |
| 700 | 1 | |a Szaryszová, Petra, 1984- | |